[Event "Campeonato de Euskadi Absoluto 2015"]
[Site "Zornotza"]
[Date "2015.04.11"]
[Round "6"]
[White "Astasio Lopez, David"]
[Black "Ruiz Gomez, Alejandro"]
[Result "1-0"]
[WhiteElo "2401"]
[BlackElo "2397"]

1.d4 f5 2.Bg5 c5 3.dxc5 Qa5+ 4.Nc3 e6 5.a3 Qxc5 6.Nf3 Nf6 7.Bxf6 gxf6 8.e4
Be7 9.exf5 Qxf5 10.Bd3 Qg4 11.Qe2 Nc6 12.h3 Qg7 13.h4 a6 14.Qe3 b5 15.Rh3 
f5 16.Rd1 Rb8 17.Kf1 Qf6 18.Qf4 b4 19.Ne2 Qxb2 20.axb4 Rxb4 21.Qc7 O-O 22.
Rg3+ Rg4 23.Rxg4+ fxg4 24.Qg3 Qg7 25.Nh2 h5 26.Nf4 Qe5 27.Nxg4 hxg4 28.
Qxg4+ Qg7 29.Ng6 Bc5 30.f3 Rf6 31.h5 Kf7 32.Qg5 d6 33.Rb1 Ne5 34.Rb8 Bd7 
35.Nh8+ 1-0

[Event "Campeonato de Euskadi Absoluto 2015"]
[Site "Zornotza"]
[Date "2015.04.11"]
[Round "6"]
[White "Jimenez Almeida, Luis David"]
[Black "Marchena Hurtado, Javier"]
[Result "1-0"]
[WhiteElo "2225"]
[BlackElo "2316"]

1.d4 d5 2.c4 c6 3.Nf3 Nf6 4.e3 a6 5.Bd3 Bg4 6.Nbd2 Nbd7 7.Qc2 e6 8.b3 Bd6 
9.Bb2 Bh5 10.O-O Bg6 11.Ne5 Bxd3 12.Qxd3 O-O 13.f4 Qe7 14.Nxd7 Qxd7 15.c5 
Bc7 16.b4 Ne8 17.a4 f5 18.b5 Nf6 19.Bc3 Ne4 20.Nxe4 fxe4 21.Qe2 axb5 22.
axb5 b6 23.Bb4 Rfb8 24.Rac1 bxc5 25.bxc6 Qxc6 26.Bxc5 g6 27.Ba7 Qxc1 28.
Rxc1 Rxa7 29.Qg4 Rb6 30.h4 Kf7 31.h5 Bd8 32.Rc8 Rd7 33.Kh2 Ra6 34.Qe2 Rb6 
35.Qa2 Rbd6 36.h6 Rc7 37.Rb8 Rcd7 38.Qa8 Ke7 39.g4 Rc7 40.Kg3 Rc3 41.Qb7+ 
Rc7 42.Qb4 Rd7 43.Rc8 Kf7 44.Qc5 Kf6 45.Rc6 Be7 46.Rc8 Rd8 47.Rxd8 Rxd8 
48.Qc7 Kf7 49.Kg2 Rg8 50.Kf1 Rd8 51.Qe5 Bf6 52.Qc7+ Be7 53.f5 gxf5 54.gxf5
Rd6 55.Ke2 exf5 56.Qc8 Re6 57.Qd7 Rxh6 58.Qxf5+ Bf6 59.Qxd5+ Kf8 60.Qxe4 
Rh2+ 61.Kd3 Rh4 62.Qf5 Kg7 63.e4 h5 64.e5 Be7 65.d5 Rh2 66.d6 1-0

[Event "Campeonato de Euskadi Absoluto 2015"]
[Site "Zornotza"]
[Date "2015.04.11"]
[Round "6"]
[White "Arias Garcia, Luis Javier"]
[Black "Diez Fraile, David"]
[Result "0-1"]
[WhiteElo "2140"]
[BlackElo "2198"]

1.e4 c5 2.Nf3 d6 3.d4 cxd4 4.Nxd4 Nf6 5.Nc3 g6 6.Be2 Bg7 7.O-O O-O 8.Bg5 
Nc6 9.Nb3 a6 10.a4 Be6 11.Kh1 Rc8 12.f4 Na5 13.Nd2 Nc4 14.Nxc4 Bxc4 15.Bd3
h6 16.Bh4 d5 17.e5 Ne4 18.Nxe4 dxe4 19.Bxc4 Rxc4 20.Qe2 Qc7 21.c3 Rc8 22.
h3 b5 23.axb5 axb5 24.Qe3 e6 25.Ra7 Qc5 26.Qxc5 R4xc5 27.Rd1 g5 28.fxg5 
hxg5 29.Bxg5 Bxe5 30.Rdd7 Bb8 31.Ra8 Rxg5 32.Rb7 e3 33.Rbxb8 Rxb8 34.Rxb8+
Kg7 35.Kg1 e2 36.Kf2 Rxg2+ 37.Ke1 f5 38.Rxb5 f4 39.h4 f3 40.Rg5+ Kf6 41.b4
Rh2 0-1

[Event "Campeonato de Euskadi Absoluto 2015"]
[Site "Zornotza"]
[Date "2015.04.11"]
[Round "6"]
[White "Cucarella Montell, Angels"]
[Black "Ladron De Guevara Galar, Fco J"]
[Result "1-0"]
[WhiteElo "1949"]
[BlackElo "2112"]

1.e4 e5 2.Nf3 Nc6 3.Bb5 a6 4.Ba4 Nf6 5.d3 b5 6.Bb3 Be7 7.a4 Bb7 8.O-O d6 
9.Nc3 Na5 10.Ba2 b4 11.Nd5 Nxd5 12.Bxd5 c6 13.Ba2 b3 14.cxb3 c5 15.Nd2 Nc6
16.Nc4 a5 17.f4 O-O 18.Ne3 Nb4 19.Bb1 exf4 20.Nf5 g6 21.Nxe7+ Qxe7 22.Bxf4
d5 23.Qg4 f6 24.Bh6 Rf7 25.exd5 f5 26.Qg3 Nxd5 27.d4 f4 28.Qg5 Qe3+ 29.Kh1
f3 30.Bxg6 fxg2+ 31.Qxg2 Rxf1+ 32.Rxf1 Qxh6 33.Bf7+ Kh8 34.Bxd5 Bxd5 35.
Qxd5 1-0

[Event "Campeonato de Euskadi Absoluto 2015"]
[Site "Zornotza"]
[Date "2015.04.11"]
[Round "6"]
[White "Arce Balluerca, Jorge"]
[Black "Iraneta Unzue, Iker"]
[Result "1-0"]
[WhiteElo "1973"]
[BlackElo "1995"]

1.e4 c5 2.Nc3 Nc6 3.Bb5 g6 4.Bxc6 bxc6 5.f4 Bg7 6.Nf3 Nf6 7.d3 O-O 8.O-O 
d6 9.Qe1 Rb8 10.b3 Ba6 11.Bd2 Ne8 12.Qg3 d5 13.Rad1 Nd6 14.Rfe1 Nb5 15.
Nxb5 Bxb5 16.c4 Ba6 17.Be3 d4 18.Bd2 Bc8 19.f5 Ra8 20.Bf4 a5 21.h4 Ra7 22.
h5 Qe8 23.Nh4 e5 24.fxe6 Qxe6 25.Bd6 Re8 26.Rf1 Be5 27.Bxe5 Qxe5 28.Qxe5 
Rxe5 29.hxg6 hxg6 30.Rf6 Bg4 31.Rd2 Re6 32.Rf4 f5 33.exf5 gxf5 34.Nxf5 
Bxf5 35.Rxf5 a4 36.Rg5+ Kf8 37.Rf2+ Ke8 38.Rg8+ Kd7 39.Rf7+ 1-0

[Event "Campeonato de Euskadi Absoluto 2015"]
[Site "Zornotza"]
[Date "2015.04.11"]
[Round "6"]
[White "Buiza Prieto, Eihartze"]
[Black "Villalta Bustillo, Igor"]
[Result "1-0"]
[WhiteElo "2107"]
[BlackElo "2242"]

1.e4 b6 2.d4 Bb7 3.Nc3 e6 4.Bd3 Nf6 5.Nf3 Bb4 6.Qe2 d5 7.exd5 Qxd5 8.O-O 
Bxc3 9.bxc3 Qh5 10.Ne5 Qxe2 11.Bxe2 a6 12.c4 Nbd7 13.Nxd7 Nxd7 14.Bf4 
O-O-O 15.f3 Rhe8 16.Be3 e5 17.d5 Nc5 18.f4 e4 19.Bg4+ Kb8 20.Rad1 Na4 21.
Bd4 f6 22.Rfe1 c6 23.Be6 Nc5 24.Bxc5 bxc5 25.Rxe4 Kc7 26.f5 Rd6 27.Rh4 h6 
28.Rg4 Re7 29.Rg3 Bc8 30.Re3 Bb7 31.Kf2 cxd5 32.cxd5 Rb6 33.Rb3 Rd6 34.c4 
Kb8 35.Rdb1 Ka7 36.a4 Ba8 37.a5 Re8 38.Rb6 Rdd8 39.R1b3 Re7 40.d6 Rb7 41.
Rxb7+ Bxb7 42.d7 1-0

[Event "Campeonato de Euskadi Absoluto 2015"]
[Site "Zornotza"]
[Date "2015.04.11"]
[Round "6"]
[White "Sanchez Ruesga, Hector"]
[Black "Prieto Aranguren, Alain"]
[Result "0-1"]
[WhiteElo "2099"]
[BlackElo "2181"]

1.d4 Nf6 2.c4 g6 3.g3 Bg7 4.Nc3 O-O 5.Bg2 d6 6.Nf3 Nbd7 7.O-O e5 8.e4 c6 
9.b3 Qb6 10.Re1 exd4 11.Nxd4 Ng4 12.Nce2 Nge5 13.h3 Nc5 14.Be3 Re8 15.Rb1 
a5 16.Rf1 Qc7 17.Qc2 Qe7 18.Nc3 a4 19.f4 axb3 20.axb3 Ned7 21.Bf2 Ne6 22.
Rbd1 Ndc5 23.Rfe1 Qc7 24.b4 Nxd4 25.Bxd4 Bxd4+ 26.Rxd4 Ne6 27.Rd3 Qb6+ 28.
Qf2 Qxb4 29.Red1 Qxc4 30.Qb2 b5 31.f5 Ng7 32.fxg6 hxg6 33.Rxd6 b4 34.Ne2 
Ra2 35.R6d4 Qxe2 36.Qxe2 Rxe2 37.Rxb4 c5 0-1

[Event "Campeonato de Euskadi Absoluto 2015"]
[Site "Zornotza"]
[Date "2015.04.11"]
[Round "6"]
[White "Gonzalez Martinez, Miguel Ange"]
[Black "Goiria Egidazu, Jon Asel"]
[Result "1-0"]
[WhiteElo "2101"]
[BlackElo "2003"]

1.c4 e5 2.Nc3 Nc6 3.g3 f5 4.Bg2 Nf6 5.d3 Bb4 6.Bd2 O-O 7.a3 Bxc3 8.bxc3 d6
9.Rb1 Qe8 10.e3 e4 11.d4 b6 12.c5 d5 13.Bf1 Na5 14.Rb4 Be6 15.Nh3 h6 16.
Nf4 Bf7 17.Ba6 Rd8 18.h4 Nh5 19.Ng2 Qe7 20.cxb6 axb6 21.Be2 Nf6 22.h5 Ra8 
23.Nf4 Nc4 24.a4 Qd7 25.Ng6 Bxg6 26.hxg6 Nd6 27.Qc2 Ra7 28.c4 Nxc4 29.Bxc4
dxc4 30.Rxc4 Nd5 31.O-O Rfa8 32.a5 bxa5 33.Rc5 Kh8 34.Qc4 Ne7 35.Qf7 Qe8 
36.Qxe8+ Rxe8 37.Bxa5 c6 38.Re5 Rea8 39.Bb6 Rb7 40.Bc5 Nxg6 41.Rxf5 Re8 
42.Ra1 Kg8 43.Ra6 Rc7 44.Bd6 Rcc8 45.Ra7 Nf8 46.Rff7 Ne6 47.Be5 Ra8 48.
Rab7 Rf8 49.Rxf8+ Kxf8 50.Bd6+ Kg8 51.Kg2 Kh7 52.Re7 Ng5 53.Bf4 Ra2 54.
Bxg5 hxg5 55.Rxe4 Rc2 56.Re5 Kg6 57.g4 Kf6 58.Kf3 g6 59.Ra5 Rb2 60.Ra6 Rc2
61.d5 Ke5 62.dxc6 Rc1 63.c7 Rxc7 64.Rxg6 Rf7+ 65.Kg2 Ke4 66.Rxg5 Rf8 67.
Ra5 Rg8 68.Kg3 Rg7 69.Ra8 Re7 70.Ra4+ Ke5 71.f4+ Kf6 72.e4 Kg6 73.Ra6+ Kg7
74.e5 Kh7 75.g5 Kg7 76.Kg4 Kh7 77.Kf5 Kg7 78.Rg6+ Kh7 79.Re6 Rf7+ 80.Ke4 
Kg7 81.Ra6 Rc7 82.f5 Rc4+ 83.Kd5 Rg4 84.Ra7+ Kh8 85.g6 Rg5 86.Ke6 Rg4 87.
Kf6 1-0

[Event "Campeonato de Euskadi Absoluto 2015"]
[Site "Zornotza"]
[Date "2015.04.11"]
[Round "6"]
[White "Hernandez Perez, Jesus"]
[Black "Urretabizkaia Merino, Asier"]
[Result "0-1"]
[WhiteElo "2008"]
[BlackElo "2094"]

1.e4 c5 2.Nf3 d6 3.c3 Nf6 4.Be2 Nc6 5.d4 cxd4 6.cxd4 Nxe4 7.d5 Qa5+ 8.Nc3 
Nxc3 9.bxc3 Ne5 10.Nxe5 dxe5 11.O-O Qc7 12.Rb1 Bd7 13.Qb3 O-O-O 14.Be3 Kb8
15.Ba6 Bc8 16.Bb5 e6 17.c4 Be7 18.Bc6 Ka8 19.Qa4 bxc6 20.dxc6 Rd4 21.Bxd4 
exd4 22.Rb5 d3 23.Rfb1 d2 24.Qa5 Rd8 25.Qa4 Ba6 26.R5b2 Bc5 27.Rxd2 Rxd2 
28.Qxa6 Rxf2 29.Kh1 Bb6 30.Qb5 Rf5 31.Qa4 Rh5 32.h3 Qg3 33.Rb3 Qe1+ 34.Kh2
Bc7+ 0-1

[Event "Campeonato de Euskadi Absoluto 2015"]
[Site "Zornotza"]
[Date "2015.04.12"]
[Round "7"]
[White "Franco Alonso, Alejandro"]
[Black "Gonzalez De La Torre, Santiago"]
[Result "1/2-1/2"]
[WhiteElo "2447"]
[BlackElo "2429"]

1.Nf3 c5 2.c4 Nf6 3.Nc3 d5 4.cxd5 Nxd5 5.d4 Nxc3 6.bxc3 g6 7.Bg5 Bg7 8.e3 
O-O 9.Be2 Nc6 10.O-O cxd4 11.cxd4 Qd5 12.Bf4 Bf5 13.Qa4 Rac8 14.Rfc1 e5 
15.dxe5 Nxe5 16.Nxe5 Bxe5 17.Rd1 Qe6 18.Bxe5 Qxe5 19.Qxa7 Qb2 20.Bf3 Ra8 
21.Qxb7 Rxa2 22.Qxb2 Rxb2 23.Bd5 Bc2 24.Rd2 Rfb8 25.g4 Rb1+ 26.Rxb1 Rxb1+ 
27.Kg2 Bb3 28.Bxb3 Rxb3 29.h4 Kg7 30.Rd4 Rb5 31.Kg3 Ra5 32.Rb4 Rc5 33.e4 
Rc3+ 34.f3 Rc5 35.Rd4 Ra5 36.Kf4 Ra1 37.Rd5 Rh1 38.h5 Rh3 39.e5 gxh5 40.
gxh5 Rxh5 41.e6 Rh4+ 42.Kg3 Rh6 43.exf7 Kxf7 1/2-1/2

[Event "Campeonato de Euskadi Absoluto 2015"]
[Site "Zornotza"]
[Date "2015.04.12"]
[Round "7"]
[White "Huerga Leache, Mikel"]
[Black "Jimenez Almeida, Luis David"]
[Result "1-0"]
[WhiteElo "2434"]
[BlackElo "2225"]

1.e4 c5 2.Nf3 Nc6 3.Nc3 Nf6 4.d4 cxd4 5.Nxd4 e5 6.Ndb5 d6 7.Bg5 a6 8.Na3 
b5 9.Nd5 Be7 10.Bxf6 Bxf6 11.c4 b4 12.Nc2 Bg5 13.g3 O-O 14.h4 Bh6 15.Bh3 
Be6 16.Qh5 a5 17.Bf5 a4 18.O-O Bxf5 19.Qxf5 b3 20.Na3 Nd4 21.Qh5 f5 22.
exf5 Rxf5 23.Qg4 Qf8 24.Nb5 Nc2 25.Qxf5 1-0

[Event "Campeonato de Euskadi Absoluto 2015"]
[Site "Zornotza"]
[Date "2015.04.12"]
[Round "7"]
[White "Trigo Urquijo, Sergio"]
[Black "Astasio Lopez, David"]
[Result "1/2-1/2"]
[WhiteElo "2347"]
[BlackElo "2401"]

1.d4 d5 2.c4 e6 3.Nc3 Nf6 4.cxd5 exd5 5.Bg5 c6 6.e3 Nbd7 7.Bd3 Be7 8.Nge2 
Nf8 9.Qc2 Bg4 10.f3 Bh5 11.Bh4 Bg6 12.O-O Ne6 13.Bf2 Bxd3 14.Qxd3 O-O 15.
Rad1 Nh5 16.g4 Nf6 17.Kg2 Qd7 18.Bg3 Rad8 19.h3 Bd6 20.Bxd6 Qxd6 21.Ng3 
Rfe8 22.f4 c5 23.g5 Ne4 24.dxc5 N4xc5 25.Qxd5 Qb6 26.Qc4 Qxb2+ 27.Rf2 Qb6 
28.Rxd8 Rxd8 29.Nf5 Kf8 30.Nd4 Kg8 31.Nd5 Qb1 32.Nxe6 Nxe6 33.e4 Kh8 34.
Qc2 Qe1 35.Rf1 Qa5 36.Rd1 Qa3 37.Rd3 Qa5 38.Rd1 Qa3 39.Rd3 Qd6 40.Kf3 Qd7 
41.Kf2 Qb5 42.Rc3 Qd7 43.Rd3 Qd6 44.Kf3 b6 45.Qc4 Qd7 46.Nb4 Qe8 47.Rxd8 
Qxd8 48.Qd5 Qc8 49.Nd3 Kg8 50.h4 Nc7 51.Qc6 Qh3+ 52.Ke2 Qg4+ 53.Kd2 Qc8 
54.Ke3 g6 55.f5 gxf5 56.exf5 Qd8 57.Nf4 Ne8 58.Nd5 Nd6 59.Nf6+ Kh8 60.Qd5 
Qc7 1/2-1/2

[Event "Campeonato de Euskadi Absoluto 2015"]
[Site "Zornotza"]
[Date "2015.04.12"]
[Round "7"]
[White "Argandona Riveiro, Inigo"]
[Black "Arce Balluerca, Jorge"]
[Result "1-0"]
[WhiteElo "2427"]
[BlackElo "1973"]

1.Nf3 Nf6 2.c4 g6 3.Nc3 Bg7 4.e4 d6 5.d4 O-O 6.Be3 Bg4 7.Qb3 Nbd7 8.Nd2 c5
9.d5 Nb6 10.a4 Rb8 11.a5 Na8 12.h3 Bc8 13.Be2 Nc7 14.Nb5 Na6 15.Nxa7 Nb4 
16.O-O Ra8 17.Nxc8 Qxc8 18.Ra4 Qc7 19.Rxb4 cxb4 20.Bb6 Qc8 21.Qxb4 Nd7 22.
Be3 Qc7 23.Ra1 b6 24.a6 Nc5 25.Qb5 Ra7 26.Ra2 Rb8 27.b4 Nd7 28.Nb3 Nc5 29.
bxc5 bxc5 30.Qa4 Rb4 31.Qe8+ 1-0

[Event "Campeonato de Euskadi Absoluto 2015"]
[Site "Zornotza"]
[Date "2015.04.12"]
[Round "7"]
[White "Etchegaray, Patrice"]
[Black "Diez Fraile, David"]
[Result "1-0"]
[WhiteElo "2400"]
[BlackElo "2198"]

1.e4 c5 2.Nf3 d6 3.Bb5+ Bd7 4.Bxd7+ Qxd7 5.O-O Nc6 6.c3 Nf6 7.Re1 e6 8.d4 
cxd4 9.cxd4 d5 10.e5 Ne4 11.Nbd2 Nxd2 12.Bxd2 Be7 13.Rc1 O-O 14.Rc3 f5 15.
exf6 Rxf6 16.Ne5 Nxe5 17.Rxe5 Raf8 18.Re2 Bd6 19.Rce3 Qc7 20.g3 Qd7 21.Qe1
Kf7 22.Bb4 Bxb4 23.Qxb4 Rc8 24.Rc3 Rxc3 25.Qxc3 Kg8 26.Rc2 h6 27.b3 Rf8 
28.Qc5 b6 29.Qc3 Qf7 30.Qe3 Qf5 31.Re2 Rf6 32.Kg2 Kh7 33.Qc3 Rf7 34.Qc2 
Qxc2 35.Rxc2 Kg6 36.Rc6 Kf5 37.Kf3 h5 38.Ke3 g5 39.h3 Re7 40.f3 g4 41.
fxg4+ hxg4 42.h4 e5 43.Rh6 exd4+ 44.Kxd4 Re4+ 45.Kd3 b5 46.Rh5+ Ke6 47.Rg5
Re1 48.Rxg4 Rd1+ 49.Kc3 Ke5 50.h5 a5 51.h6 Rh1 52.Rh4 Rc1+ 53.Kd3 Rc8 54.
h7 Rh8 55.Rh5+ 1-0

[Event "Campeonato de Euskadi Absoluto 2015"]
[Site "Zornotza"]
[Date "2015.04.12"]
[Round "7"]
[White "Buiza Prieto, Eihartze"]
[Black "Cucarella Montell, Angels"]
[Result "1-0"]
[WhiteElo "2107"]
[BlackElo "1949"]

1.e4 c5 2.c3 g6 3.d4 cxd4 4.cxd4 d5 5.e5 Bg7 6.Nc3 f6 7.exf6 exf6 8.g3 Ne7
9.Bg2 Nbc6 10.Nge2 Be6 11.O-O O-O 12.Nf4 Bf7 13.Bh3 f5 14.Be3 Nc8 15.Bg2 
Nb6 16.b3 Rc8 17.Qd2 Re8 18.h4 a6 19.Rac1 Qd6 20.Rfd1 Nb8 21.Nd3 Rxe3 22.
Qxe3 Re8 23.Qf4 Qf8 24.Rc2 Nc6 25.Ne2 Re7 26.Nc5 Nb4 27.Rb2 Qe8 28.Qd2 Nc6
29.Bf3 Qb8 30.Qf4 Qf8 31.Qc1 Qb8 32.Kf1 f4 33.Qxf4 Qxf4 34.gxf4 h5 35.Rbd2
Bf6 36.Kg2 Bxh4 37.Rh1 Bf6 38.f5 Bg5 39.Rb2 h4 40.fxg6 Bxg6 41.Bg4 Nb4 42.
f4 Bf6 43.Be6+ Kf8 44.f5 Bf7 45.Kh3 Nc6 46.Rd2 Nd8 47.Nf4 Bg5 48.Rf1 Bf6 
49.Kg4 Nc6 50.Rfd1 Nd8 51.Re2 Nc6 52.Bxf7 Kxf7 53.Rxe7+ Kxe7 54.Nfe6 Nc8 
55.Nxb7 Nd6 56.Nbc5 Nb5 57.Nxa6 Nbxd4 58.Nxd4 Nxd4 59.Nb4 Kd6 60.Nd3 h3 
61.Rh1 Ne2 62.Rxh3 Nc3 63.Rh6 Ke7 64.a4 d4 65.a5 Nd5 66.a6 Nb6 67.a7 Kf7 
68.Nf4 Kg7 69.Rxf6 Kxf6 70.Nd5+ 1-0

[Event "Campeonato de Euskadi Absoluto 2015"]
[Site "Zornotza"]
[Date "2015.04.12"]
[Round "7"]
[White "Prieto Aranguren, Alain"]
[Black "Ruiz Gomez, Alejandro"]
[Result "1-0"]
[WhiteElo "2181"]
[BlackElo "2397"]

1.d4 d5 2.c4 c6 3.cxd5 cxd5 4.Nc3 Nf6 5.Bf4 a6 6.e3 Nc6 7.Bd3 e6 8.Nf3 Be7
9.O-O O-O 10.Rc1 Bd7 11.Ne5 Nxe5 12.Bxe5 Rc8 13.Qc2 h6 14.Qe2 Bc6 15.Rc2 
Nd7 16.Bg3 b5 17.Rfc1 Nb6 18.Nb1 Qd7 19.Nd2 Nc4 20.Nf3 Bf6 21.b3 Nd6 22.
Ne5 Bxe5 23.Bxe5 Rfd8 24.Qg4 Ne8 25.Rc5 Kf8 26.a4 f6 27.Bg3 bxa4 28.Bxa6 
Bb7 29.Bxb7 Qxb7 30.bxa4 Rxc5 31.dxc5 Qc6 32.Qb4 e5 33.f4 d4 34.Rd1 exf4 
35.Bxf4 g5 36.Bg3 d3 37.e4 Kg7 38.a5 Rd7 39.Qc4 d2 40.a6 h5 41.Bb8 Nc7 42.
Bxc7 Qxc7 43.Qb5 Qd8 44.c6 Rc7 45.Qd5 Qc8 46.Rxd2 Rxc6 47.Qd7+ Qxd7 48.
Rxd7+ Kg6 49.a7 Ra6 50.Kf2 h4 51.Ke3 Ra2 52.h3 Ra4 53.Kd3 Ra6 54.Kc4 Ra2 
55.Kc5 Ra1 56.Kb6 Rb1+ 57.Kc7 1-0

[Event "Campeonato de Euskadi Absoluto 2015"]
[Site "Zornotza"]
[Date "2015.04.12"]
[Round "7"]
[White "Urretabizkaia Merino, Asier"]
[Black "Arias Garcia, Luis Javier"]
[Result "0-1"]
[WhiteElo "2094"]
[BlackElo "2140"]

1.d4 Nf6 2.c4 e6 3.Nf3 b6 4.a3 Ba6 5.Nbd2 c5 6.e4 cxd4 7.g3 Bb7 8.Bg2 d6 
9.Nxd4 Nbd7 10.O-O a6 11.a4 Qc7 12.Qe2 Be7 13.a5 bxa5 14.N2b3 a4 15.Rxa4 
Nb6 16.Rb4 a5 17.Rb5 Rc8 18.Rxa5 Nxc4 19.Ra4 Nb6 20.Ra7 Qb8 21.Ra5 O-O 22.
Bf4 Rfe8 23.Be3 Nc4 24.Rb5 Nxe3 25.Qxe3 Qc7 26.Ra1 Ba8 27.Rba5 d5 28.Ra7 
Qe5 29.f4 Qh5 30.Bf3 Qh6 31.e5 Ne4 32.Nb5 Bc6 33.Nc7 Red8 34.R1a6 d4 35.
Qd3 Nc5 36.Nxc5 Bxf3 37.N5xe6 fxe6 38.Rxe6 Qh3 39.Qxf3 Rxc7 40.Rxc7 Qxe6 
41.Qe4 d3 0-1

[Event "Campeonato de Euskadi Absoluto 2015"]
[Site "Zornotza"]
[Date "2015.04.12"]
[Round "7"]
[White "Marchena Hurtado, Javier"]
[Black "Villalta Bustillo, Igor"]
[Result "1-0"]
[WhiteElo "2316"]
[BlackElo "2242"]

1.e4 e5 2.Nf3 Nf6 3.Nxe5 d6 4.Nf3 Nxe4 5.d4 d5 6.Bd3 Nc6 7.O-O Be7 8.Nc3 
Nxc3 9.bxc3 O-O 10.Re1 Bf6 11.h3 Be6 12.Bf4 Na5 13.Rb1 b6 14.Ne5 Nc4 15.
Qh5 g6 16.Nxg6 fxg6 17.Bxg6 hxg6 18.Qxg6+ Bg7 19.Qxe6+ Kh8 20.Qg4 Qf6 21.
Qh5+ Kg8 22.Qxd5+ Qf7 23.Re6 Rae8 24.Rbe1 Rxe6 25.Rxe6 b5 26.Bg3 Kh8 27.
Qe4 Nd6 28.Qh4+ Kg8 29.Re7 Qg6 30.Rxc7 Ne4 31.Rxa7 Bf6 32.Ra6 Qf5 33.Qh6 
Nxc3 34.Bh4 Bg7 35.Rg6 Qd7 36.Qe3 Nxa2 37.Bg3 Kh7 38.Rg5 Qxd4 39.Rh5+ Kg6 
40.Rg5+ Kh7 41.Rh5+ Kg6 42.Qg5+ Kf7 43.Qf5+ Qf6 44.Qxb5 Nc3 45.Qc4+ Qe6 
46.Rf5+ Ke7 47.Qc7+ Ke8 48.Ra5 1-0

[Event "Campeonato de Euskadi Absoluto 2015"]
[Site "Zornotza"]
[Date "2015.04.12"]
[Round "7"]
[White "Ladron De Guevara Galar, Fco J"]
[Black "Sanchez Ruesga, Hector"]
[Result "1-0"]
[WhiteElo "2112"]
[BlackElo "2099"]

1.d4 Nf6 2.c4 e6 3.Nc3 d5 4.Nf3 Be7 5.Bf4 O-O 6.e3 Nbd7 7.a3 c5 8.Rc1 b6 
9.cxd5 exd5 10.Bd3 Bb7 11.O-O Nh5 12.Be5 g6 13.Qe2 f6 14.Bg3 Re8 15.Rfe1 
Nxg3 16.hxg3 Bf8 17.Bb1 c4 18.Nd2 f5 19.g4 fxg4 20.Qxg4 Nf6 21.Qf3 a6 22.
Nxc4 Ne4 23.Ne5 Ng5 24.Qg3 Bg7 25.f4 Ne4 26.Nxe4 dxe4 27.Ba2+ Bd5 28.Bxd5+
Qxd5 29.Rc3 Bxe5 30.fxe5 Rac8 31.Rec1 Rxc3 32.Rxc3 Rf8 33.b3 Qb5 34.Qe1 
Rf7 35.a4 Qd7 36.Qe2 b5 37.axb5 axb5 38.Rc5 h5 39.Rxb5 h4 40.d5 Qf5 41.e6 
Ra7 42.Rb8+ Kh7 43.Qb2 Kh6 44.Qh8+ Kg5 45.Qf8 Qe5 46.Qf4+ Qxf4 47.exf4+ 
Kxf4 48.d6 e3 49.Rf8+ Kg4 50.e7 Ra1+ 51.Kh2 e2 52.e8=Q 1-0

[Event "Campeonato de Euskadi Absoluto 2015"]
[Site "Zornotza"]
[Date "2015.04.12"]
[Round "7"]
[White "Iraneta Unzue, Iker"]
[Black "Gonzalez Martinez, Miguel Ange"]
[Result "1-0"]
[WhiteElo "1995"]
[BlackElo "2101"]

1.e4 Nc6 2.Nf3 d6 3.d4 g6 4.h3 Bg7 5.Bc4 Nf6 6.Nc3 O-O 7.Be3 e5 8.dxe5 
Nxe5 9.Nxe5 dxe5 10.Bc5 Re8 11.Qf3 c6 12.O-O Be6 13.Bxe6 Rxe6 14.Rad1 Qc7 
15.Rd3 b6 16.Ba3 Ree8 17.Bd6 Qb7 18.Rfd1 Rad8 19.Qe3 Qc8 20.a4 Nh5 21.Ne2 
Nf4 22.Nxf4 exf4 23.Qxf4 Bxb2 24.c3 Qe6 25.Qd2 Qa2 26.e5 c5 27.Qc2 Qa3 28.
c4 Qb4 29.Rb1 Rxd6 30.Rxd6 Rxe5 31.Rd8+ Kg7 32.Qxb2 1-0

[Event "Campeonato de Euskadi Absoluto 2015"]
[Site "Zornotza"]
[Date "2015.04.12"]
[Round "7"]
[White "Goiria Egidazu, Jon Asel"]
[Black "Hernandez Perez, Jesus"]
[Result "0-1"]
[WhiteElo "2003"]
[BlackElo "2008"]

1.e4 c5 2.Nc3 e6 3.f4 d5 4.Nf3 dxe4 5.Nxe4 Nc6 6.g3 Be7 7.Bg2 Nf6 8.d3 O-O
9.O-O Qc7 10.b3 Rd8 11.Qe2 Nd4 12.Nxd4 cxd4 13.Bb2 Qb6 14.Qf2 Ng4 15.Qe2 
Ne3 16.Rfe1 Nxg2 17.Qxg2 Bd7 18.Qf2 Bc6 19.f5 exf5 20.Qxf5 Qb5 21.Qxb5 
Bxb5 22.Nd2 Bg5 23.Ne4 Be3+ 24.Nf2 Rac8 25.Re2 Rc7 26.Rae1 Rdc8 27.a4 Bd7 
28.Bc1 Bxf2+ 29.Rxf2 Rxc2 30.Bb2 Be6 31.Rxc2 Rxc2 32.Bxd4 a6 33.b4 h5 34.
b5 Ra2 35.bxa6 bxa6 36.Ra1 Rd2 37.a5 Rxd3 38.Bf2 Bd5 39.Re1 Rd2 40.Re5 f6 
41.Rxh5 Rd1+ 42.Be1 Rxe1+ 43.Kf2 Re4 0-1